01082 a2200169 45000010006000000050017000060080041000230030015000640400040000790800170001192450049002892640054003383000018003925050458004101000022008687000022008905795420260407155839.0260407a1987 arg spa dAR-UNSa-BCEJYS aAR-UNSa-BCEJYSbspacAR-UNSa-BCEJYS a342.25xCentralización y descentralización. Autonomía regional. Transferencia de poderes. Autonomía local (Home rule). Órganos locales del gobierno central10aDescentralización y reforma constitucional 1aBuenos Aires :bFundación Friedrich Ebertc1987 a64 p.c20 cm. aPrimera parte: por Susana Peñalva - 1. Una reflexión sobre descentralización y democratización: a propósito de la reforma del Estado - 2. Sobre la experiencia internacional bajo el signo de la descentralización - 3. Una recapitulación para América Latina: el rumbo de la descentralización en el marco de la crisis / Segunda parte: por Alejandro Rofman - 1. Procesos socio-económicos y descentralización - 2. Consideraciones finales1 aPeñalva, Susana1 aRofman, Alejandro